00633 2200229 4500001002100000005001500021035002000036008004100056020002200097041000600119082001000125090001600135100001900151245006900170250001000239260004300249300003500292084001600327650002200343990002100365990001700386INLIS00000000000727920260306083556 a0010-0322002055260306 g 0 ind  a978-979-21-0187-4 ai a631.8 a631.8bSUT p0 aRacman Sutanto1 aPertanian Organik: Menuju Pertanian Alternatif dan Berkelanjutan acet.9 aYogyakarta :bPENERBIT KANISIUS,c2002 a218 hlm.; 22,5 cm :bilustrasi a631.8 SUT p 4apertanian organik a000349/STPP/2018 a2022/HD/0286